=LDR 00000nam 2200000 4500 =001 INLIS000000000010984 =005 20130612102606 =008 ***********************************Ind** =035 ##$$0010-061300000010984 =041 ##$$a Ind =082 ##$$a 693 =090 ##$$a 693, Suh-k =100 ##$$a Suharto =245 ##$$a Konstraksi sambungan tegar, Suharto =260 ##$$a 1986 $b Jakarta =300 ##$$a X,71 hlm, ilus, 21 cm =650 ##$$a konstruksi =650 ##$$a Sambungan =850 ##$$a NBPNMAT